000 00333nam a2200145Ia 4500
008 090124s9999 xx 000 0 und d
082 _b302035
245 _a झूम
250 _a1
260 _bशिरवळकर सुहास
_c1988
300 _a216
630 _a झूम
730 _a झूम
942 _cBOOK
999 _c191637
_d191637